LEADER 02276nam 2200565 a 450 001 9910455548103321 005 20200520144314.0 010 $a0-87335-326-9 035 $a(CKB)1000000000811413 035 $a(EBL)464745 035 $a(OCoLC)609846042 035 $a(SSID)ssj0000357059 035 $a(PQKBManifestationID)11263300 035 $a(PQKBTitleCode)TC0000357059 035 $a(PQKBWorkID)10352503 035 $a(PQKB)10201385 035 $a(MiAaPQ)EBC464745 035 $a(Au-PeEL)EBL464745 035 $a(CaPaEBR)ebr10742687 035 $a(EXLCZ)991000000000811413 100 $a20091026d2010 uy 0 101 0 $aeng 135 $aur|n|---||||| 181 $ctxt 182 $cc 183 $acr 200 00$aBeneficiation of phosphates$b[electronic resource] $etechnology advance and adoption /$fedited by Patrick Zhang ... [et al.] 210 $aLittleton, Colo. $cSociety for Mining, Metallurgy, and Exploration$d2010 215 $a1 online resource (395 p.) 300 $aDescription based upon print version of record. 311 $a0-87335-319-6 320 $aIncludes bibliographical references and index. 327 $asection 1. Fundamentals -- section 2. Sustainability and the environment -- section 3. Reagents -- section 4. Process innovations -- section 5. Analysis and control -- section 6. Hydrometallurgical processing -- section 7. Processing of refractory ores -- section 8. Flotation research and practice. 330 $aBeneficiation of Phosphates: Technology Advance and Adoption is the exclusive source of information on research and technology advances in phosphate mineral processing. More than 100 internationally respected authors from 20 countries explore the latest developments in an industry experiencing unprecedented change and prosperity. 606 $aPhosphates 606 $aOre-dressing 606 $aFlotation 608 $aElectronic books. 615 0$aPhosphates. 615 0$aOre-dressing. 615 0$aFlotation. 676 $a622/.364 701 $aZhang$b Patrick$0915429 801 0$bMiAaPQ 801 1$bMiAaPQ 801 2$bMiAaPQ 906 $aBOOK 912 $a9910455548103321 996 $aBeneficiation of phosphates$92051950 997 $aUNINA LEADER 01008nam 2200361 450 001 9910583092803321 005 20220904011226.0 010 $a0-12-812810-0 035 $a(CKB)4100000001474187 035 $a(MiAaPQ)EBC5754473 035 $a(NjHacI)994100000001474187 035 $a(EXLCZ)994100000001474187 100 $a20220904d2018 uy 0 101 0 $aeng 135 $aur||||||||||| 181 $ctxt$2rdacontent 182 $cc$2rdamedia 183 $acr$2rdacarrier 200 10$aCloud Computing /$fDan C. Marinescu 205 $aSecond edition. 210 1$aCambrige :$cMorgan Kaufmann Publishers,$d2018. 215 $a1 online resource (xxi, 566 pages) $cillustrations 300 $aIncludes index. 606 $aCloud computing 615 0$aCloud computing. 676 $a004.67/82 700 $aMarinescu$b Dan C.$0621699 801 0$bNjHacI 801 1$bNjHacl 906 $aBOOK 912 $a9910583092803321 996 $aCloud computing$92759274 997 $aUNINA LEADER 01783oam 2200493M 450 001 9910716205403321 005 20200213070535.3 035 $a(CKB)5470000002520076 035 $a(OCoLC)1065848131 035 $a(OCoLC)995470000002520076 035 $a(EXLCZ)995470000002520076 100 $a20071213d1926 ua 0 101 0 $aeng 135 $aurcn||||||||| 181 $ctxt$2rdacontent 182 $cc$2rdamedia 183 $acr$2rdacarrier 200 10$aBridge across the Mississippi River in Ramsey and Hennepin Counties. January 13, 1926. -- Ordered to be printed 210 1$a[Washington, D.C.] :$c[U.S. Government Printing Office],$d1926. 215 $a1 online resource (2 pages) 225 1 $aSenate report / 69th Congress, 1st session. Senate ;$vno. 33 225 1 $a[United States congressional serial set ] ;$v[serial no. 8524] 300 $aBatch processed record: Metadata reviewed, not verified. Some fields updated by batch processes. 300 $aFDLP item number not assigned. 606 $aBridge construction industry 606 $aBridges$xDesign and construction 606 $aBridges 606 $aLegislative amendments 606 $aRailroads 608 $aLegislative materials.$2lcgft 615 0$aBridge construction industry. 615 0$aBridges$xDesign and construction. 615 0$aBridges. 615 0$aLegislative amendments. 615 0$aRailroads. 701 $aBingham$b Hiram$f1875-1956$pRepublican (CT)$0463205 801 0$bWYU 801 1$bWYU 801 2$bOCLCO 801 2$bOCLCQ 906 $aBOOK 912 $a9910716205403321 996 $aBridge across the Mississippi River in Ramsey and Hennepin Counties. January 13, 1926. -- Ordered to be printed$93447405 997 $aUNINA